The Routledge Companion to World Literary Journalism (Record no. 93277)

MARC details
000 -LEADER
fixed length control field 03565namaa2200445uu 4500
001 - CONTROL NUMBER
control field doab134908
003 - CONTROL NUMBER IDENTIFIER
control field oapen
005 - DATE AND TIME OF LATEST TRANSACTION
control field 20260305123954.0
006 - FIXED-LENGTH DATA ELEMENTS--ADDITIONAL MATERIAL CHARACTERISTICS
fixed length control field m o d
007 - PHYSICAL DESCRIPTION FIXED FIELD--GENERAL INFORMATION
fixed length control field cr|mn|---annan
008 - FIXED-LENGTH DATA ELEMENTS--GENERAL INFORMATION
fixed length control field 240229s2023 xx |||||o ||| 0|eng d
020 ## - INTERNATIONAL STANDARD BOOK NUMBER
International Standard Book Number 9780367355241
020 ## - INTERNATIONAL STANDARD BOOK NUMBER
International Standard Book Number 9780429331923
020 ## - INTERNATIONAL STANDARD BOOK NUMBER
International Standard Book Number 9780429331923
020 ## - INTERNATIONAL STANDARD BOOK NUMBER
International Standard Book Number 9781032370330
024 7# - OTHER STANDARD IDENTIFIER
Standard number or code 10.4324/9780429331923
Source of number or code doi
040 ## - CATALOGING SOURCE
Original cataloging agency oapen
Transcribing agency oapen
041 0# - LANGUAGE CODE
Language code of text/sound track or separate title eng
042 ## - AUTHENTICATION CODE
Authentication code dc
072 #7 - SUBJECT CATEGORY CODE
Subject category code JFD
Source bicssc
245 00 - TITLE STATEMENT
Title The Routledge Companion to World Literary Journalism
260 ## - PUBLICATION, DISTRIBUTION, ETC.
Name of publisher, distributor, etc. Taylor & Francis
Date of publication, distribution, etc. 2023
300 ## - PHYSICAL DESCRIPTION
Extent 1 online resource
336 ## - CONTENT TYPE
Content type term text
Content type code txt
Source rdacontent
337 ## - MEDIA TYPE
Media type term computer
Media type code c
Source rdamedia
338 ## - CARRIER TYPE
Carrier type term online resource
Carrier type code cr
Source rdacarrier
490 1# - SERIES STATEMENT
Series statement Routledge Journalism Companions
506 0# - RESTRICTIONS ON ACCESS NOTE
Terms governing access Free-to-read
Standardized terminology for access restriction Unrestricted online access
Source of term star
520 ## - SUMMARY, ETC.
Summary, etc. This cutting-edge research companion addresses our current understanding of literary journalism's global scope and evolution, offering an immersive study of how different nations have experimented with and perfected the narrative journalistic form/genre over time. The Routledge Companion to World Literary Journalism demonstrates the genre's rich genealogy and global impact through a comprehensive study of its many traditions, including the crónica, the ocherk, reportage, the New Journalism, the New New Journalism, Jornalismo literário, periodismo narrativo bao gao wen xue, creative nonfiction, Literarischer JournalismusAs-SaHafa al Adabiyya, and literary nonfiction. Contributions from a diverse range of established and emerging scholars explore key issues such as the current role of literary journalism in countries radically affected by the print media crisis and the potential future of literary journalism, both as a centerpiece to print media writ large and as an academic discipline universally recognized around the world. The book also discusses literary journalism's responses to war, immigration, and censorship; its many female and Indigenous authors; and its digital footprints on the internet. This extensive and authoritative collection is a vital resource for academics and researchers in literary journalism studies, as well as in journalism studies and literature in general. Chapter 9 of this book is freely available as a downloadable Open Access PDF at http://www.taylorfrancis.com under a Creative Commons Attribution-Non Commercial-No Derivatives (CC-BY-NC-ND) 4.0 license.
540 ## - TERMS GOVERNING USE AND REPRODUCTION NOTE
Terms governing use and reproduction All rights reserved
Uniform Resource Identifier <a href="http://oapen.org/content/about-rights">http://oapen.org/content/about-rights</a>
546 ## - LANGUAGE NOTE
Language note English
650 #7 - SUBJECT ADDED ENTRY--TOPICAL TERM
Topical term or geographic name entry element Media studies
Source of heading or term bicssc
653 ## - INDEX TERM--UNCONTROLLED
Uncontrolled term Newspaper Reporting,Literary Journalism,Narrative Nonfiction,Political Literary Journalism,Literary Journalistic Methodologies,War and Conflict,Immigration and the Border,Female Literary Journalists,Censorship and Politics,Indigenous Voices,Dailies and Magazines,Experimental Journalism,Multimedia Journalism,Literary Journalism,Literary Journalists,Young Men,Journalistic Narrative,Follow,Held,Heraldo De Madrid,Literary Journalism Studies,Roundabout,Narrative Nonfiction,Persona,El Faro,Postwar,War Correspondent,ISIS,Gazeta Wyborcza,Violated,Martín,Mad House,Niño,Tomás,Wo,Dos Passos,Buenos,War Journalism
720 1# - ADDED ENTRY--UNCONTROLLED NAME
Name Bak, John S.
Relationship edt
720 1# - ADDED ENTRY--UNCONTROLLED NAME
Name Bak, John S.
Relationship oth
720 1# - ADDED ENTRY--UNCONTROLLED NAME
Name Reynolds, Bill
Relationship edt
720 1# - ADDED ENTRY--UNCONTROLLED NAME
Name Reynolds, Bill
Relationship oth
793 0# -
-- DOAB Library.
856 40 - ELECTRONIC LOCATION AND ACCESS
Uniform Resource Identifier <a href="https://directory.doabooks.org/handle/20.500.12854/134908">https://directory.doabooks.org/handle/20.500.12854/134908</a>
Access status 0
Public note Free-to-read: DOAB: description of the publication

No items available.

Powered by Koha